Empresa con conciencia: por qué la mejor práctica es una buena práctica
Guardado en:
| Formato: | Texto |
|---|---|
| Materias: | |
| Etiquetas: |
Agregar Etiqueta
Sin Etiquetas, Sea el primero en etiquetar este registro!
|
MARC
| LEADER | 00000 a a2200000 04500 | ||
|---|---|---|---|
| 001 | 18694 | ||
| 003 | |||
| 040 | |||
| 245 | |a Empresa con conciencia: |b por qué la mejor práctica es una buena práctica | ||
| 650 | |a EMPRESAS | ||
| 650 | |a EMPRESAS TRANSNACIONALES | ||
| 650 | |a CONDICIONES DE TRABAJO | ||
| 773 | |g número 57; páginas 16-19 | ||
| 999 | |c 33055 |d 33055 | ||
